| 000 | 00450nas a2200169 i 4500 | ||
|---|---|---|---|
| 001 | 173582 | ||
| 003 | ES-MaACL | ||
| 005 | 20250217134854.0 | ||
| 008 | 091210c1865 it a| | ||ta d | ||
| 245 | 0 | 0 | _aAnnuario scientifico ed industriale. |
| 260 |
_aMilano : _bTreves, _c1865- |
||
| 300 |
_a1 v. : _bil. ; _c19 cm. |
||
| 362 | 0 | _aAnno 1 : 1865 - | |
| 852 |
_aES-MaACL _jG-15606 |
||
| 866 | 0 | _o(1880 parte seconda). | |
| 999 |
_c173582 _d173582 |
||